नैतिक लोकतंत्र की तलाश / (Record no. 16846)

MARC details
000 -LEADER
fixed length control field 01210nam a22002537a 4500
005 - DATE AND TIME OF LATEST TRANSACTION
control field 20081017115215.0
008 - FIXED-LENGTH DATA ELEMENTS--GENERAL INFORMATION
fixed length control field 081017t xxu||||| |||| 00| e hin d
010 ## - LCCN (DPL NO)
LC control number HIN-84449
020 ## - INTERNATIONAL STANDARD BOOK NUMBER
International Standard Book Number 9788179751749
Terms of availability 500.00
035 ## - SYSTEM CONTROL NUMBER
System control number HN-56795
037 ## - SOURCE OF ACQUISITION
Source of stock number/acquisition DBAD / PUB
040 ## - CATALOGING SOURCE
Original cataloging agency DPL
Language of cataloging HN
082 ## - DEWEY DECIMAL CLASSIFICATION NUMBER
Classification number 824
100 ## - MAIN ENTRY--PERSONAL NAME
Personal name कपूर, मस्तराम
245 ## - TITLE STATEMENT
Title नैतिक लोकतंत्र की तलाश /
Statement of responsibility, etc मस्तराम कपूर
246 ## - VARYING FORM OF TITLE
Title proper/short title Naitika loktantra kii talaasha
Remainder of title by Mastram Kapoor
260 ## - PUBLICATION, DISTRIBUTION, ETC. (IMPRINT)
Place of publication, distribution, etc नई दिल्ली
Name of publisher, distributor, etc अनामिका पब्लिशर्स एंड डिस्ट्री
Date of publication, distribution, etc 2008
270 ## - ADDRESS
Address 4697/3, अंसारी रोड, दरियागंज
City नई दिल्ली
Postal code 110002
Telephone number 23281655, 23270239
Fax number 011 27868035
Electronic mail address anamikapublishers@yahoo.com.in
300 ## - PHYSICAL DESCRIPTION
Extent 432पृ
Dimensions 22सेमी (सजिल्द)
650 ## - SUBJECT ADDED ENTRY--TOPICAL TERM
Topical term or geographic name as entry element हिन्दी निबंध
650 ## - SUBJECT ADDED ENTRY--TOPICAL TERM
Topical term or geographic name as entry element Hindi essays
942 ## - ADDED ENTRY ELEMENTS (KOHA)
Source of classification or shelving scheme Dewey Decimal Classification
Item type Hindi Books
Call number suffix कपूर
Classification part 824
Holdings
Withdrawn status Lost status Source of classification or shelving scheme Damaged status Not for loan Collection code Home library Current library Date acquired Source of acquisition Cost, normal purchase price Total Checkouts Full call number Barcode Date last seen Copy number Cost, replacement price Koha item type
    Dewey Decimal Classification   Not For Loan Non-fiction D.B.Act.Division D.B.Act.Division 17/10/2008 DBAD / PUB 500.00   824 कपूर HN-56795 17/10/2008 1 500.00 Hindi Books

© Delhi Public Library
Hit Counter
free hit counter